| 000 | 01491cam a22002174a 4500 | ||
|---|---|---|---|
| 005 | 20250605164058.0 | ||
| 008 | 250528s ||||||||||||||||||||||||d | ||
| 035 | _a17545 | ||
| 020 | _a70161860 | ||
| 040 |
_aGR-AtMCL _bgre _dGR-AtMCL _eAACR2 |
||
| 245 | 1 | _aLinear Control System Analysis and Design / Conventional and Modern: Third Edition | |
| 250 | _a3rd | ||
| 260 |
_bMcgraw Hill Book Company, _c1988 |
||
| 300 | _a906 | ||
| 520 | _aPreface, Introduction, Writing Systems Equations, Solution of Differential Equations, Laplace Transform, System Representation, Control-System Characteristics, Root Locus, Frequency Response, Closed-Loop Tracking Performance Based on the Frequency Response, Root-Locus Compensation, Cascade and Feedback Compensation: Frequency-Response Plots, Control-Ratio Modeling, Closed-Loop Pole-Zero Assignment (State-Variable Feedback), Parameter Sensitivity and Inaccessible States, Liapuv's Second Method, Introduction to Optimal Control, Optimal Design by Use of Quadratic Performance Index, Structural Properties of Linear Multivariable Control Systems, Synthesis of Linear Multivariable Regulators and Observers and Trackers Using Entire Eigenstructure Assignment, Design of Tracking Systems Using Output Feedback, Quantitative Feedback Theory (QFT) Technique, Digital Control Systems, Appendixes, Problems, Index. | ||
| 700 | 1 |
_aD'Azzo John L _93693 |
|
| 700 | 1 |
_aHoupis Constantine H _93694 |
|
| 942 | _cBK | ||
| 999 |
_c2952 _d2952 |
||